Movies Quiz

Random Movies or Math Quiz

Follow That Line: Hidden Figures Quiz Stats

 Plays Quiz not verified by Sporcle

Score 0/25 Timer 06:00
0 Plays Today
% Correct
Everything's temporary, Dorothy.
83.6%
No, sir. I'm not Russian.
83.4%
We didn't pick the place, Officer. It picked us.
80.3%
You, sir. You are the boss. You just have to act like one, sir.
79.8%
Well, I imagine it's the same as teaching a man.
78.1%
I wouldn't have to. I'd already be one.
77.5%
Son, I pay taxes. And taxes pay for everything in that library. You can't steal what you already paid for.
77.5%
It's equal rights. I have the right to see fine in every color.
76.4%
We're already there, sir.
74.1%
There’s no protocol for a man circling the Earth either, sir.
73.7%
Or sit in the back of the bus.
72.6%
A mean old salty one.
71.6%
Orthogonalization algorithm. Yes, sir. I prefer it over Euclidean coordinates.
69.4%
% Correct
There are quite a few women working in the Space Program, sir.
67.9%
I know. I know you probably believe that.
66.2%
Yes, and I imagine he’d like us to have the math figured out beforehand.
63.1%
Guess that's good for NASA.
62.9%
You know what I think is a good idea? Darker ink.
60.3%
I will not.
60.1%
I held it up to the light.
59.7%
For you it is.
54.8%
Just not the bathroom.
51.6%
Mr. Johnson, it may be best if you'd quit talking right now.
49%
That's NASA for you. Fast with rocket ships, slow with advancement.
42.9%
If I said I was sorry, I'd be saying it all day.
26.5%

You're not logged in!

Compare scores with friends on all Sporcle quizzes.
OR
Log In

Sporcle TV

Today on Sporcle TV


Watch our educational content, quiz creation guides, and fun videos on Sporcle TV.

Show Comments

Extras

Top Quizzes Today


Score Distribution

Your Account Isn't Verified!

In order to create a playlist on Sporcle, you need to verify the email address you used during registration. Go to your Sporcle Settings to finish the process.

Report this User

Report this user for behavior that violates our Community Guidelines.

Details: